000 00621nam a22001217a 4500
040 _cRUA
082 _aLMA KOY 2025 B701 Or.1
100 _aKOY SREYYA, កុយ ស្រីយ៉ា
245 _aStudy On properety title transfer in real estate transactions in baek chan commune, angk snuol district, kandal province, សិក្សាពីការផ្ទេរកម្មសិទ្ធលើដីធ្លី នៅឃុំ បែកចាន ស្រុកអង្គស្នួល ខេត្តកណ្ដាល
260 _aPHNOM PENH
_bRUA
_c2025
300 _axiii,48p.
_bill.
_c29cm.
942 _cLMA
999 _c25750
_d25750